Statistics for Every "Shire" County in England

Click here to take the quiz!

General Stats

  • This quiz has been taken 3,009 times
  • The average score is 16 of 25

Answer Stats

Counties ending in "-shire"% Correct
Lancashire
75%
Leicestershire
74%
North Yorkshire
74%
Cambridgeshire
71%
Oxfordshire
71%
Derbyshire
70%
Hampshire
70%
West Yorkshire
70%
Gloucestershire
69%
Lincolnshire
69%
South Yorkshire
69%
Worcestershire
69%
Nottinghamshire
65%
East Riding of Yorkshire
64%
Buckinghamshire
62%
Herefordshire
62%
Hertfordshire
62%
Northamptonshire
61%
Cheshire
60%
Bedfordshire
59%
Shropshire
57%
Berkshire
55%
Warwickshire
52%
Wiltshire
49%
Staffordshire
46%

Score Distribution

Percentile by Number Answered

Percent of People with Each Score

Your Score History

You have not taken this quiz